<?xml version="1.0" encoding="UTF-8"?>
<marc:record xmlns:marc="http://www.loc.gov/MARC21/slim">
   <marc:leader>00000nam a2200000 a 4500</marc:leader>
   <marc:datafield ind1="1" ind2=" " tag="100">
      <marc:subfield code="a">Tonies</marc:subfield>
      <marc:subfield code="4">aut</marc:subfield>
      <marc:subfield code="e">Verfasser/-in</marc:subfield>
   </marc:datafield>
   <marc:datafield ind1="0" ind2="0" tag="245">
      <marc:subfield code="a">Hurra Kinderlieder</marc:subfield>
   </marc:datafield>
   <marc:datafield ind1="0" ind2="0" tag="245">
      <marc:subfield code="b">Best of</marc:subfield>
   </marc:datafield>
   <marc:datafield ind1=" " ind2="1" tag="264">
      <marc:subfield code="b">Boxine GmbH</marc:subfield>
      <marc:subfield code="c">2024</marc:subfield>
   </marc:datafield>
   <marc:datafield ind1="1" ind2=" " tag="520">
      <marc:subfield code="a">Wer nach Kinderliedern auf YouTube sucht, kommt um die tollen Kinderhits von "Hurra Kinderlieder" nicht herum. Mit viel Spaß animieren sie zum Lachen, Singen und Tanzen. Manchmal sogar zum Aufräumen oder Händewaschen. Tonie mit den 25 besten Songs.

Titelliste:
01 - Hacki Backi (Drei Minuten Zähne Putzen)
02 - Der Pavianpopo
03 - Wasch Uns
04 - Die Maus ist allein zu Haus
05 - Eier-Raten-Lied
06 - Guten Appetit
07 - Ameisen
08 - Schade Marmelade
09 - Unser Haustier Funki
10 - Fang das Gemüse
11 - Der Eisbär ging zum Eismann
12 - Aufräumblitz
13 - Fauchi der kleine Tiger
14 - Pusten, troesten, Pflaster drauf
15 - Das Nilpferd möchte tanzen
16 - Das Apfel-Lied
17 - Fledi Fledermaus
18 - Baby Giraffe
19 - Blubber-Pudding, stopp!
20 - Ich bin ein kleiner Pinguin
21 - Wir baden
22 - Die maus flitzt durchs Orchester
23 - Ich mach das
24 - Der kleine Tausendfüßler
25 - Bitte nicht die Bürste</marc:subfield>
   </marc:datafield>
   <marc:datafield ind1="3" ind2=" " tag="024">
      <marc:subfield code="a">4251192146731</marc:subfield>
   </marc:datafield>
</marc:record>
